| Tag |
First Indicator |
Second Indicator |
Subfields |
| LEADER |
00000cam a2200000 4500 |
| 001 |
in00000052155 |
| 005 |
20151007080339.0 |
| 008 |
711026s1957 eng u |
| 010 |
|
|
|a 57005290
|
| 035 |
|
|
|a (OCoLC)00166712
|
| 035 |
|
|
|9 AAF4659AM
|
| 040 |
|
|
|c WSU
|d TXA
|d UtOrBLW
|
| 049 |
|
|
|a TXAM
|c [280999]
|
| 090 |
|
|
|a HA29
|b .S575 1957
|
| 092 |
|
|
|a 311
|b S613b, 1957
|
| 100 |
1 |
|
|a Simpson, George,
|d 1908-
|
| 245 |
1 |
0 |
|a Basic statistics.
|
| 250 |
|
|
|a Rev. ed.
|
| 264 |
|
1 |
|a [Place of publication not identified] :
|b Norton,
|c [1957]
|
| 300 |
|
|
|a 521 pages
|
| 336 |
|
|
|a text
|b txt
|2 rdacontent
|
| 337 |
|
|
|a unmediated
|b n
|2 rdamedia
|
| 338 |
|
|
|a volume
|b nc
|2 rdacarrier
|
| 650 |
|
0 |
|a Statistics.
|
| 700 |
1 |
|
|a Kafka, Fritz.
|
| 999 |
|
|
|a MARS
|
| 999 |
f |
f |
|s cd33f561-b85c-301a-9d57-3a1f2df2d325
|i 9c881111-2f1e-3776-ae36-40813c616599
|t 0
|
| 952 |
f |
f |
|p ric
|a Texas A&M University
|b Rellis Campus
|c Joint Library Facility
|d Remote Storage
|t 0
|e HA29 .S575 1957
|h Library of Congress classification
|i unmediated -- volume
|m A14800652511
|
| 998 |
f |
f |
|a HA29 .S575 1957
|t 0
|l Remote Storage
|